Золотое кольцо Ярославии (Запись № 11789542)

Подробности
000 -МАРКЕР
контрольное поле 02117nam0a2200361 4500
001 - ИДЕНТИФИКАТОР ЗАПИСИ
контрольное поле RU\NLR\BIBL_A\012078034
005 - ИДЕНТИФИКАТОР ВЕРСИИ
контрольное поле 20230517084432.0
010 ## - МЕЖДУНАРОДНЫЙ СТАНДАРТНЫЙ НОМЕР КНИГИ (ISBN)
Номер (ISBN) 978-5-906071-17-0
Тираж 2000
021 ## - НОМЕР ГОСУДАРСТВЕННОЙ РЕГИСТРАЦИИ
Код страны Российская Федерация
Номер КН-П-19-053779
Номер Листа государственной регистраци КН-П-19-3875
035 ## - ДРУГИЕ СИСТЕМНЫЕ НОМЕРА
Идентификатор записи (NLR Aleph) 012078034
035 ## - ДРУГИЕ СИСТЕМНЫЕ НОМЕРА
Идентификатор записи (RuMoRGB)010046005
100 ## - ДАННЫЕ ОБЩЕЙ ОБРАБОТКИ
Данные общей обработки 20190820d2019 u y0rusy50 ca
101 0# - ЯЗЫК РЕСУРСА
Язык текста, звукозаписи и т.д. русский
102 ## - СТРАНА ПУБЛИКАЦИИ ИЛИ ПРОИЗВОДСТВА
Страна публикации Российская Федерация
105 ## - ПОЛЕ КОДИРОВАННЫХ ДАННЫХ: ТЕКСТОВЫЕ МАТЕРИАЛЫ, МОНОГРАФИЧЕСКИЕ
Кодированные данные о монографическом текстовом документе abc|z|||000zy
200 1# - ЗАГЛАВИЕ И СВЕДЕНИЯ ОБ ОТВЕТСТВЕННОСТИ
Основное заглавие Золотое кольцо Ярославии
Сведения, относящиеся к заглавию Переславль-Залесский, Борисоглебский, Ростов, Великое, Ярославль, Вятское, Тутаев, Рыбинск, Мышкин, Углич
Первые сведения об ответственности [авторы текста: Мария Александрова, Андрей Данилов, Ян Левин и др.
Последующие сведения об ответственности под общ. ред. В. В. Горошникова]
205 ## - СВЕДЕНИЯ ОБ ИЗДАНИИ
Сведения об издании [Испр. и доп. переизд.]
210 ## - ПУБЛИКАЦИЯ, РАСПРОСТРАНЕНИЕ И ДР.
Место издания, распространения и т.д. Рыбинск
Имя издателя, распространителя и т. д. Медиарост
Дата издания, распространения и т.д. 2019
215 ## - ФИЗИЧЕСКАЯ ХАРАКТЕРИСТИКА
Специфическое обозначение материала и объем 365, [2] с.
Другие сведения о физической характеристике ил., цв. ил., портр., карт.
Размеры 25
300 ## - ОБЩИЕ ПРИМЕЧАНИЯ
Текст примечания Авт. указаны в вып. дан.
606 1# - НАИМЕНОВАНИЕ ТЕМЫ КАК ПРЕДМЕТ
Наименование темы Культурное наследие
Географический подзаголовок Ярославская область
Системный номер авторитетной/нормативной записи 2422347
Идентификатор авторитетной/нормативной записи RU\NLR\AUTH\6601661039
686 1# - ИНДЕКСЫ ДРУГИХ КЛАССИФИКАЦИЙ
Индекс Т3(2Р-4Яр)0-7
701 #1 - ИМЯ ЛИЦА - АЛЬТЕРНАТИВНАЯ ОТВЕТСТВЕННОСТЬ
Графика поля Кириллица
Материалы, к которым относится поле rus
Начальный элемент ввода Александрова
Часть имени, кроме начального элемента ввода М. В.
Дополнения к именам, кроме дат канд. ист. наук, краеведение
Расширение инициалов личного имени Мария Вячеславовна
Системный номер авторитетной/нормативной записи 73753
Идентификатор авторитетной/нормативной записи RU\NLR\AUTH\7790826
701 #1 - ИМЯ ЛИЦА - АЛЬТЕРНАТИВНАЯ ОТВЕТСТВЕННОСТЬ
Графика поля Кириллица
Материалы, к которым относится поле rus
Начальный элемент ввода Данилов
Часть имени, кроме начального элемента ввода А. Ю.
Дополнения к именам, кроме дат канд. ист. наук
Расширение инициалов личного имени Андрей Юрьевич
Системный номер авторитетной/нормативной записи 54575
Идентификатор авторитетной/нормативной записи RU\NLR\AUTH\7771647
701 #1 - ИМЯ ЛИЦА - АЛЬТЕРНАТИВНАЯ ОТВЕТСТВЕННОСТЬ
Код отношения Автор
Графика поля Кириллица
Материалы, к которым относится поле rus
Начальный элемент ввода Левин
Часть имени, кроме начального элемента ввода Я. А.
Дополнения к именам, кроме дат краевед, литератор
Даты 1981-2021
Расширение инициалов личного имени Ян Александрович
Системный номер авторитетной/нормативной записи 149601
Идентификатор авторитетной/нормативной записи RU\NLR\AUTH\770149637
702 #1 - ИМЯ ЛИЦА - ВТОРИЧНАЯ ОТВЕТСТВЕННОСТЬ
Начальный элемент ввода Горошников
Часть имени, кроме начального элемента ввода В. В.
Расширение инициалов личного имени Виталий Владимирович
Код отношения Редактор
942 ## - ДОПОЛНИТЕЛЬНЫЕ ЭЛЕМЕНТЫ ЗАПИСИ (АБИС)
Тип экземпляра АБИС Книга
980 ## - КОЛЛЕКЦИЯ
Название коллекции НБР
980 ## - КОЛЛЕКЦИЯ
Название коллекции Национальная библиография

Нет доступных экземпляров.